000 00379nam a2200145Ia 4500
008 220216s9999 xx 000 0 und d
100 _aBowden W
245 0 _aNatural and synthetic polymers in conveyor belting
260 _bProceedings of the IRI
_c1958
300 _a129-139
650 _aConveyor belt
650 _aSynthetic polymer
700 _aWilson A J
942 _cJS
999 _c63423
_d63423